Apuntes de crecimiento económico (Registro nro. 1387)
[ vista simple ]
| 000 -LEADER | |
|---|---|
| fixed length control field | 01369 a2200229 4500 |
| 001 - CONTROL NUMBER | |
| control field | 25459 |
| 005 - DATE AND TIME OF LATEST TRANSACTION | |
| control field | 20260407155539.0 |
| 008 - FIXED-LENGTH DATA ELEMENTS--GENERAL INFORMATION | |
| fixed length control field | 260407a1994 arg spa d |
| 003 - CONTROL NUMBER IDENTIFIER | |
| control field | AR-UNSa-BCEJYS |
| 040 ## - CATALOGING SOURCE | |
| Original cataloging agency | AR-UNSa-BCEJYS |
| Language of cataloging | spa |
| Transcribing agency | AR-UNSa-BCEJYS |
| 080 ## - UNIVERSAL DECIMAL CLASSIFICATION NUMBER | |
| Universal Decimal Classification number | 330.35 |
| Common auxiliary subdivision | Crecimiento económico |
| 020 ## - INTERNATIONAL STANDARD BOOK NUMBER | |
| International Standard Book Number | 978-84-85855-72-8 |
| 041 ## - LANGUAGE CODE | |
| Language code of text/sound track or separate title | spa |
| 100 1# - MAIN ENTRY--PERSONAL NAME | |
| Personal name | Sala-i-Martin, Xavier |
| 245 10 - TITLE STATEMENT | |
| Title | Apuntes de crecimiento económico |
| 264 #1 - PRODUCTION, PUBLICATION, DISTRIBUTION, MANUFACTURE, AND COPYRIGHT NOTICE | |
| Place of production, publication, distribution, manufacture | Barcelona : |
| Name of producer, publisher, distributor, manufacturer | Antoni Bosch |
| Date of production, publication, distribution, manufacture, or copyright notice | 1994 |
| 300 ## - PHYSICAL DESCRIPTION | |
| Extent | 170 p. |
| Dimensions | 23 cm. |
| 505 ## - FORMATTED CONTENTS NOTE | |
| Formatted contents note | Parte I : Modelos con tasas de ahorro e inversión constantes : 1. Introducción a la literatura - 2. Modelos con una tasa de ahorro constante : una exposición gráfica - Parte II : Modelos neoclásicos de optimización : 3. Crecimiento neoclásico : el modelo de Ramsey - 4. El crecimiento exógeno de la productividad - Parte III : Cinco modelos prototipo de crecimiento endógeno : 5. Modelos convexos de crecimiento endógeno : el modelo AK - 6. Gasto público y crecimiento - 7. El aprendizaje por la práctica y el desbordamiento del conocimiento - 8. La acumulación de capital humano y el crecimiento - 9. Modelos de crecimiento con I+D : la expansión del número de productos - Parte IV : La evidencia empírica : 10. La literatura empírica. |
| 590 ## - LOCAL NOTE (RLIN) | |
| Local note | niveau_biblio:m niveau_hierar:0 |
| 700 1# - ADDED ENTRY--PERSONAL NAME | |
| Personal name | Méndez, Alfons |
| 942 ## - ADDED ENTRY ELEMENTS (KOHA) | |
| Koha item type | |
| Withdrawn status | Lost status | Damaged status | Not for loan | Home library | Current library | Shelving location | Date acquired | Total checkouts | Full call number | Barcode | Date last seen | Price effective from | Koha item type |
|---|---|---|---|---|---|---|---|---|---|---|---|---|---|
| Biblioteca Prof. Eusebio Cleto del Rey | Biblioteca Prof. Eusebio Cleto del Rey | 07/04/2026 | 330.35 S159 | L70161 | 07/04/2026 | 07/04/2026 | Libro | ||||||
| Biblioteca Prof. Eusebio Cleto del Rey | Biblioteca Prof. Eusebio Cleto del Rey | 07/04/2026 | 330.35 S159 | L70162 | 07/04/2026 | 07/04/2026 | Libro | ||||||
| Biblioteca Prof. Eusebio Cleto del Rey | Biblioteca Prof. Eusebio Cleto del Rey | 07/04/2026 | 330.35 S159 | L70164 | 07/04/2026 | 07/04/2026 | Libro | ||||||
| Biblioteca Prof. Eusebio Cleto del Rey | Biblioteca Prof. Eusebio Cleto del Rey | 07/04/2026 | 330.35 S159 | L126996 | 07/04/2026 | 07/04/2026 | Libro | ||||||
| Biblioteca Prof. Eusebio Cleto del Rey | Biblioteca Prof. Eusebio Cleto del Rey | 07/04/2026 | 330.35 S159 | L127420 | 07/04/2026 | 07/04/2026 | Libro |